00257nam a2200097Ia 4500008004100000041000800041100001200049245006700061650001200128999001900140230605s9999 xx 000 0 und d aeng aKhandge aWomens literature in Indian Languages ( 1850 to 2000 ) Vol - I aG.SKILL c417722d417722